000 00673nam a2200205Ia 4500
003 GCL
008 140319s9999 xx 000 0 ara d
020 _a5374287977
040 _aGCL /
_cGCL
082 0 4 _a005.3
_bم ا
100 1 _aمصطفى السيد
245 1 0 _aاسرار WINDOWS XP /
_cمصطفى السيد
260 _aالقاهرة :
_bدار الكتب العلمية للنشر والتوزيع ،
_c2004
300 _a399 ص ؛
_c25 سم
650 0 4 _aنظم المعلومات
650 0 4 _aالبرامج الالية
650 0 4 _aالحاسبات الالكترونية - برامج
650 0 4 _aويندوز اكس بى
942 _2ddc
_cBK
999 _c57142
_d57142